000 00219nam a22000857a 4500
008 161215b xxu||||| |||| 00| 0 eng d
100 _92063
_aSinghal .A.R, et al
245 _aMathematics- VI
260 _aNEW DELHI
_bNCERT
_c2005
999 _c4932
_d4932